000 01676nam a2200241Ia 4500
999 _c42423
_d42423
001 9119
003 GE_BSU
005 20240605115211.0
008 181216s2013||||ge |||||||||||||| ||geo||
040 _cGE_BSU
041 _ageo
080 _a94(479.223)+82-93 ბ–52
100 _aბერიანიძე, მაყვალა
_922333
245 _aდიდაჭარის პატარა საიდუმლოებები. წ.1 /
_cმაყვალა ბერიანიძე ; იდეის ავტორი ალექსანდრე მერმანიშვილი ; რედ. ჯემალ ფუტკარაძე.
250 _a1 გამოცემა
264 _aთბილისი :
_bმეგობრობა,
_c2013.
300 _a91გვ. ;
_bილ. ;
_c29სმ.
500 _aპროექტი "ხატიმამული". წიგნი აჭარის ისტორიის პატარა მკვლევარებისათვის.პროექტი ხორციელდება ბათუმისა და ლაზეთის,ჩრდილოეთ ამერიკისა და კანადის მიტროპოლიტ მეუფე დიმიტრის ლოცვა–კურთხევით და თანადგომით
653 _aდიდაჭარის პატარა საიდუმლოებები
653 _aსაქართველოს ისტორია
700 _aფუტკარაძე, ჯემალ
_eრედაქტორი
_922334
942 _cBK
_2udc